| 000 | 00760cam a2200205 a 4500 | ||
|---|---|---|---|
| 020 | _a0946688176 | ||
| 040 | _cDLC | ||
| 082 | 0 | 0 | _a608 INT 1986 C161 Or. |
| 245 | 0 | 4 |
_aThe Tech and tools book : _ba guide to technologies women are using worldwide / |
| 260 |
_aNew York, NY, USA : _bInternational Women's Tribune Centre, _cc1986, |
||
| 300 |
_axiii, 176 p. : _bill. ; _c28 cm. |
||
| 650 | 0 | _aWomen in technology. | |
| 650 | 0 | _aAppropriate technology. | |
| 700 | 1 | _aSandhu, Ruby. | |
| 700 | 1 | _aSandler, Joanne | |
| 856 | 4 | 2 | _uhttp://www.loc.gov/catdir/enhancements/fy1117/88185971-d.html |
| 856 | 4 | 1 | _uhttp://www.loc.gov/catdir/enhancements/fy1117/88185971-t.html |
| 856 | 4 | 2 | _uhttp://www.loc.gov/catdir/enhancements/fy1208/88185971-b.html |
| 942 | _cAEDBB | ||
| 999 |
_c19094 _d19094 |
||